Determinants of automotive industry exports in the Visegrad Group countries diplomová práca

Salvato in:
Dettagli Bibliografici
Autore principale: Blažek, Michal
Ente Autore: Národohospodárska fakulta EU. Katedra financií
Altri autori: Gertler, Ľubomíra, 1977-
Natura: Libro
Lingua:inglese
Pubblicazione: Bratislava 2017
Tags: Aggiungi Tag
Nessun Tag, puoi essere il primo ad aggiungerne!!

MARC

LEADER 00000nbm a2200000 4500
001 0231922
005 20240913101121.3
041 0 |a eng 
044 |a SK 
245 1 0 |a Determinants of automotive industry exports in the Visegrad Group countries  |b diplomová práca  |c Michal Blažek ; školiteľ: Ľubomíra Gertler 
264 1 |a Bratislava  |c 2017 
300 |a 29 s. 
100 1 |a Blažek, Michal 
700 1 |a Gertler, Ľubomíra, 1977- 
710 2 |a Národohospodárska fakulta EU. Katedra financií